000 01639naa a22003617a 4500
001 BR8502442
003 BR-BrBNA
005 20240918175609.0
007 ta
008 230509b bl.||||| |||| 00| 0 por d
040 _aBR-BrBNA
_bpor
_cBiblioteca Nacional de Agricultura
041 _a(Pt)
072 _aH01; P05
_b0180
_b0210
_b0220
_b0710
_b1622
_b1530
_b3877
090 _aH01 BR8502442
100 1 _aMatuo, T.
111 1 _aSimposio sobre Energia na Agricultura
_cJaboticabal, SP (Brazil)
_d20-23 Feb 1984
245 1 _aTecnicas de aplicacao de defensivos [trigo, batata, beterraba acucareira, fava, maca, repolho, cenoura]
260 3 _aJaboticabal, SP (Brasil):
_c1985.
500 _aFerreira, M.E.; Pereira, V. de P.; Cruz, M.C.P. da (eds.) Energia na agricultura; tecnologias poupadoras de insumos, integracao de sistemas energeticos, producao de alimentos Jaboticabal, SP (Brasil): 1985. p. 113-130 (BR8502442-AM)H01
650 _aTRIGO
650 _aBATATA
650 _aBETERRABA ACUCAREIRA
650 _aFAVA
650 _aMACA
650 _aREPOLHO
650 _aCENOURA
650 _aINSETICIDA
650 _aDEFESA VEGETAL
650 _aRECURSO ENERGETICO
773 0 _tEnergia na agricultura; tecnologias poupadoras de insumos, integracao de sistemas energeticos, producao de alimentos
_aFerreira, M.E.; Pereira, V. de P.; Cruz, M.C.P. da (eds.). Universidade Estadual Paulista Julio de Mesquita Filho, Jaboticabal, SP (Brasil). Faculdade de Ciencias Agrarias e Veterinarias
_wH01 BR8502442
_gJaboticabal, SP (Brasil), 1985. p. 113-130
909 _a202404
_bLucia
_c55
_dLucia Elande
942 _cAM
_2AGRIS
999 _c317390
_d317390